Statistics for Year of Hip Hop Album released

Click here to take the quiz!

General Stats

  • This quiz has been taken 49 times
  • The average score is 22 of 31

Answer Stats

HintAnswer% Correct
Good kid, M.A.A.D. city (Kendrick Lamar)2012
94%
Liquid Swords (GZA)1995
91%
Ready to Die (The Notorious B.I.G.)1994
91%
My Dark Beautiful Twisted Fantasy (Kanye West)2010
88%
Enter the Wu-Tang: 36 Chambers (Wu-Tang Clan)1993
88%
The Eminem Show (Eminem)2002
85%
Reasonable Doubt (Jay-Z)1996
85%
B4.DA.$$ (Joey Bada$$)2015
82%
Mos Def & Talib Kweli Are Blackstar (Black Star)1998
79%
Run-DMC (Run-DMC)1984
79%
The Low End Theory (A Tribe Called Quest)1991
79%
Stillmatic (Nas)2001
76%
Fishscale (Ghostface Killah)2006
76%
Run the Jewels (Run the Jewels)2013
76%
Licensed to Ill (Beastie Boys)1986
76%
The Documentary (The Game)2005
70%
Radio (LL Cool J)1985
70%
Madvillainy (Madvillain)2004
67%
Pinata (Freddie Gibbs and Madlib)2014
64%
Things Fall Apart (The Roots)1999
64%
3 Feet High and Rising (De La Soul)1989
64%
Mecca and the Soul Brother (Pete Rock & CL Smooth)1992
61%
Criminal Minded (Boogie Down Productions)1987
61%
Only Built for Cuban Linx Pt. 2 (Raekwon)2009
58%
All 6's and 7's (Tech N9ne)2011
58%
Critical Beatdown (Ultramagnetic MCs)1988
58%
Harlem World (Ma$e)1997
55%
Finding Forever (Common)2007
55%
Food and Liquor (Lupe Fiasco)2006
55%
Wanted: Dead or Alive (Kool G Rap & DJ Polo)1990
45%
Quality Control (Jurassic 5)2000
45%

Score Distribution

Percentile by Number Answered

Percent of People with Each Score

Your Score History

You have not taken this quiz